ბათუმის შოთა რუსთაველის სახელმწიფო უნივერსიტეტის ბიბლიოთეკა

Alter Ego. 4 Guide Pedagogique : (ბიბ.ჩანაწერი № 49460)

000 -LEADER
fixed length control field 00834nam a2200265Ia 4500
001 - CONTROL NUMBER
control field 16384
003 - CONTROL NUMBER IDENTIFIER
control field GE_BSU
005 - DATE AND TIME OF LATEST TRANSACTION
control field 20230928155140.0
008 - FIXED-LENGTH DATA ELEMENTS--GENERAL INFORMATION
fixed length control field 181216s2008fe xx |||||||||||||| ||fre||
020 ## - INTERNATIONAL STANDARD BOOK NUMBER
International Standard Book Number 9782011555182
040 ## - CATALOGING SOURCE
Transcribing agency GE_BSU
080 ## - UNIVERSAL DECIMAL CLASSIFICATION NUMBER
Universal Decimal Classification number 811.133.1A-44
100 ## - MAIN ENTRY--PERSONAL NAME
Personal name Dollez,Caterine
9 (RLIN) 19950
245 ## - TITLE STATEMENT
Title Alter Ego. 4 Guide Pedagogique :
Remainder of title Methode de frangais B2 /
Statement of responsibility, etc. Caterine Dollez, Ivana Vasilievic, Annie Berthet, Judith Humery
264 ## - PRODUCTION, PUBLICATION, DISTRIBUTION, MANUFACTURE, AND COPYRIGHT NOTICE
Place of production, publication, distribution, manufacture Paris :
Name of producer, publisher, distributor, manufacturer Haohette,
Date of production, publication, distribution, manufacture, or copyright notice 2008.
300 ## - PHYSICAL DESCRIPTION
Extent 190 p .:
Other physical details ill,
Dimensions 29 cm.
653 ## - INDEX TERM--UNCONTROLLED
keyword Alter Ego. Methode de Frangais
653 ## - INDEX TERM--UNCONTROLLED
keyword Guide Pedagogique
653 ## - INDEX TERM--UNCONTROLLED
keyword გრამატიკა,
653 ## - INDEX TERM--UNCONTROLLED
keyword ფრანგული
700 ## - ADDED ENTRY--PERSONAL NAME
Personal name Vasilievic, Ivana
9 (RLIN) 19951
700 ## - ADDED ENTRY--PERSONAL NAME
Personal name Berthet, Annie
9 (RLIN) 19952
700 ## - ADDED ENTRY--PERSONAL NAME
Personal name Humery, Judith
9 (RLIN) 19953
942 ## - ADDED ENTRY ELEMENTS (KOHA)
Koha item type წიგნი
Source of classification or shelving scheme
ეგზემპლარები
Withdrawn status Lost status Source of classification or shelving scheme Damaged status Not for loan Permanent Location Current Location Shelving location Date acquired Cost, normal purchase price Full call number Barcode Date last seen Copy number Price effective from Koha item type Public note
          ბათუმის შოთა რუსთაველის სახელმწიფო უნივერსიტეტის მთავარი ბიბლიოთეკა ბათუმის შოთა რუსთაველის სახელმწიფო უნივერსიტეტის მთავარი ბიბლიოთეკა წიგნსაცავი 2018-12-17 87.00 811.133.1A-44 40337 2018-12-17 40337 2018-12-17 წიგნი 87.00